000 00359nam a22001457a 4500
082 _a894-812
_bCHA/H
100 _aCHANDRAHASAN, T.A
245 _aHOLISTIC HEALTH
_bHEALTH BOOK
246 _aHOLISTIC HEALTH
_bHALTH BOOK
260 _aKODUNGALLUR
_bHOLISTIC HEALTH FOUNDATION
_c2009
300 _a92
520 _aHEALTH
650 _aHEALTH BOOKS
942 _cBK
999 _c1218
_d1218